Systém odpočtov DPH odporuje pravidlám EÚ

Systém odpočtu DPH sa musí zmeniť do vstupu Slovenska do EÚ. Aktuálny systém uplatňovania nárokov na vrátenie DPH komplikuje také operácie, ako je vzájomné započítavanie pohľadávok, používanie zmeniek alebo faktoring.

Saved in:
Bibliographic Details
Main Author: Apolen, Peter
Format: Book Chapter
Language:Slovak
Subjects:
Tags: Add Tag
No Tags, Be the first to tag this record!

MARC

LEADER 00000naa a2200000 4500
001 r042140
005 20230921111613.2
041 0 |a slo 
044 |a SK 
245 1 0 |a Systém odpočtov DPH odporuje pravidlám EÚ  |c Peter Apolen 
520 |a Systém odpočtu DPH sa musí zmeniť do vstupu Slovenska do EÚ. Aktuálny systém uplatňovania nárokov na vrátenie DPH komplikuje také operácie, ako je vzájomné započítavanie pohľadávok, používanie zmeniek alebo faktoring. 
610 2 0 |a dane z hodnoty pridanej 
610 2 0 |a odpočet dane 
610 2 0 |a systém 
610 2 0 |a Slovensko 
610 2 0 |a Európska únia 
100 1 |a Apolen, Peter